Macroeconomics : (Record no. 1956)

MARC details
000 -LEADER
fixed length control field 01912cam a22001814a 4500
020 ## - INTERNATIONAL STANDARD BOOK NUMBER
ISBN 0131435825
050 00 - CALL NUMBER
Classification number HB172.5
Item number .F76
100 1# - AUTHOR
Personal name Froyen, Richard T.
245 10 - TITLE
Title Macroeconomics :
Remainder of title theories and policies /
Statement of responsibility, etc Richard T. Froyen.
250 ## - EDITION
Edition statement 8th ed.
260 ## - PUBLICATION INFORMATION
Place of publication Upper Saddle River, N.J. :
Name of publisher Pearson/Prentice Hall,
Year of publication 2005.
300 ## - DESCRIPTION
Number of Pages xx, 508 p. :
Other physical details ill. ;
Dimensions 25 cm.
500 ## - NOTES
General note Includes Index
505 ## - FORMATTED CONTENTS NOTE
Table of Content Part I: INTRODUCTION AND MEASUREMENT<br/>Chapter 1: Introduction<br/>Chapter 2: Measurement of Macroeconomic Variables<br/><br/>Part II: CLASSICAL ECONOMICS AND THE KEYNESIAN REVOLUTION <br/>Chapter 3: Classical Macroeconomics (I): Equilibrium Output and Employment <br/>Chapter 4: Classical Macroeconomics (II): Money, Prices and Interest <br/>Chapter 5: The Theory of Economic Growth <br/>Chapter 6: The Keynesian System (I): The Role of Aggregate Demand <br/>Chapter 7: The Keynesian System (II): Money, Interest and Income <br/>Chapter 8: The Keynesian System (III): Policy Effects in the IS-LM Model <br/>Chapter 9: The Keynesian System (IV): Aggregate Supply and Demand <br/><br/>Part III: MACROECONOMIC THEORY AFTER KEYNES <br/>Chapter 10: The Monetarist Counterrevolution <br/>Chapter 11: Output, Inflation and Unemployment: Alternative Views<br/>Chapter 12: New Classical Economics<br/>Chapter 13: Real Business Cycles and New Keynesian Economics <br/>Chapter 14: Macroeconomic Models: A Summary<br/><br/>Part IV: OPEN ECONOMY MACROECONOMICS<br/>Chapter 15: Exchange Rates and the International Monetary System<br/>Chapter 16: Monetary and Fiscal Policy in the Open Economy <br/><br/>Part V: ECONOMIC POLICY <br/>Part 17: The Money Supply and the Banking System <br/><br/>Part 18: Monetary Policy <br/>Chapter 19: Fiscal Stabilization Policy <br/>Chapter 20: Supply-Side Economics<br/><br/>Part VI: MICROECONOMIC FOUNDATIONS <br/>Chapter 20: Consumption and Investment <br/>Chapter 21: Money Demand.
650 #0 - SUBJECTS
Topical Term Macroeconomics.
650 #0 - SUBJECTS
Topical Term Keynesian economics.
942 ## - ADDED ENTRY ELEMENTS (KOHA)
Koha item type Books
Holdings
Withdrawn status Lost status Home library Current library Shelving location Date acquired Full call number Accession Number Copy number Koha item type
    Methodist University Library Tema Methodist University Library Tema General Stacks 25/01/2009 HB172.5 .F76 23689 1 Books
Copyright © 2026  MUG Library